Speedy Pi digits 201-300 - Statistics

General Stats
  • This quiz has been taken 579 times
  • The average score is 29 of 100
Answer Stats
Digit % Correct
4
83%
2
67%
4
67%
0
50%
1
50%
1
50%
2
50%
2
50%
3
50%
3
50%
3
50%
3
50%
4
50%
4
50%
4
50%
4
50%
5
50%
5
50%
5
50%
6
50%
6
50%
6
50%
6
50%
7
50%
7
50%
7
50%
8
50%
8
50%
8
50%
8
50%
8
50%
9
50%
9
50%
0
33%
0
33%
0
33%
1
33%
1
33%
1
33%
1
33%
1
33%
2
33%
2
33%
3
33%
3
33%
3
33%
4
33%
4
33%
4
33%
5
33%
6
33%
6
33%
6
33%
6
33%
7
33%
7
33%
8
33%
8
33%
9
33%
9
33%
0
17%
2
17%
2
17%
3
17%
4
17%
4
17%
4
17%
5
17%
5
17%
5
17%
6
17%
6
17%
6
17%
6
17%
6
17%
8
17%
9
17%
0
0%
0
0%
1
0%
1
0%
1
0%
2
0%
2
0%
2
0%
2
0%
3
0%
3
0%
3
0%
3
0%
4
0%
4
0%
4
0%
6
0%
6
0%
7
0%
7
0%
8
0%
9
0%
9
0%
No matching quizzes found
Score Distribution
Percent of People with Each Score
Percentile by Number Answered
Your Score History
You have not taken this quiz